000
00303nam a2200133Ia 4500
008
191201s2005 xx 000 0 und d
100
_a
Gupta, S P
245
0
_a
Business Statistics
250
_a
14th
260
_c
2005
_b
Sultan Chand
_a
N.Delhi
300
_a
712
650
_a
MBA
942
_2
ddc
_c
BB
_0
144
999
_c
7231
_d
7231